Použitie plánových kalkulácií pri tvorbe nového produktu diplomová práca

Salvato in:
Dettagli Bibliografici
Autore principale: Lipták, Denis
Ente Autore: Fakulta podnikového manažmentu EU. Katedra podnikovohospodárska
Altri autori: Tóth, Miroslav, 1961-
Natura: Libro
Lingua:slovacco
Pubblicazione: Bratislava 2021
Tags: Aggiungi Tag
Nessun Tag, puoi essere il primo ad aggiungerne!!

MARC

LEADER 00000nbm a2200000 4500
001 0275633
005 20211203095024.9
041 0 |a slo 
044 |a SK 
245 1 0 |a Použitie plánových kalkulácií pri tvorbe nového produktu  |b diplomová práca  |c Denis Lipták ; školiteľ: Miroslav Tóth 
264 1 |a Bratislava  |c 2021 
300 |a 61 s. 
100 1 |a Lipták, Denis 
700 1 |a Tóth, Miroslav, 1961- 
710 2 |a Fakulta podnikového manažmentu EU. Katedra podnikovohospodárska